01148cam a22003254a 45000010009000000050017000090080041000260100017000670200015000840200018000990400013001170420008001300500022001380820013001601000030001732450086002032460022002892500012003112600053003233000064003765040053004406500030004936500034005236500045005576500028006027000032006309420012006629990017006749520131006911383453120060523131056.0050107s2006 ohuab |rb 001 0 eng  a 2005920268 a0324315414 a9780324315417 aDLCcDLC apcc00aHF1411b.Y34 2006 a337bYAR1 aYarbrough, Beth V.92251114aThe World Economy :bTrade and Finance /cBeth V. Yarbrough, Robert M. Yarbrough.30aTrade and finance a7th ed. aMason, OH :bThomson/South-Western, 2006cc2006. axvi, 763 p. :bill. (some col.), maps (some col.) ;c27 cm. aIncludes bibliographical references and indexes. 0aCommercial policy.922512 0aInternational finance.922513 0aInternational economic relations.922514 0aEconomic policy.9225151 aYarbrough, Robert M.922516 2ddccBB c14996d14996 00102ddc40708AcademicaMAINbMAINc1STd2011-03-13ePurchaseg288.00h1661l0o337 YARp000022929r2024-09-26 00:00:00yBB